Derecho Penal Parte General, Fundamentos ( T.1 T.2)

Guardat en:
Dades bibliogràfiques
Autor principal: Rettig Espinoza, Mauricio
Format: Desconegut
Idioma:anglès
Publicat: Santiago Der 2017
Edició:Segunda edición
Matèries:
Etiquetes: Afegir etiqueta
Sense etiquetes, Sigues el primer a etiquetar aquest registre!

MARC

LEADER 00000 a2200000 4500
003 CL-VaPUC
005 20210529001949.0
008 200318b ||||| |||| 00| 0 eng d
999 |c 422684  |d 422682 
020 |a 9789569959134 (T.1) 9789569959585 (T.2) 
040 |c Pontificia Universidad Católica de Valparaíso 
082 0 4 |a 345 RET 2017 
100 1 |a Rettig Espinoza, Mauricio  |9 737511 
245 1 0 |a Derecho Penal Parte General, Fundamentos ( T.1 T.2) 
250 |a Segunda edición 
260 |b Der  |c 2017  |a Santiago 
300 |a p.i 
583 |k Hugo Gaete  |c 20200318 
650 0 0 |a DERECHO PENAL  |9 11 
650 0 0 |a Delitos  |9 224143 
650 0 0 |a DELITO DOLOSO  |9 737690 
650 0 0 |a DELITO IMPRUDENTE  |9 737691 
942 |2 ddc  |c BK 
952 |0 0  |1 0  |2 ddc  |4 0  |6 345_000000000000000_RET_2017  |7 0  |9 560995  |a BIBDER  |b BIBDER  |d 2020-03-11  |e 22  |g 40249.00  |h t.2  |i 5573998  |l 9  |o 345 RET 2017   |p 5573998  |r 2024-10-11  |s 2024-10-11  |t 1  |v 40249.00  |w 2020-03-11  |y BK  |k DER 
952 |0 0  |1 0  |2 ddc  |4 0  |6 345_000000000000000_RET_2017  |7 0  |9 560996  |a BIBDER  |b BIBDER  |d 2020-03-11  |e 22  |g 40249.00  |h t.1  |i 557398K  |l 14  |m 2  |o 345 RET 2017   |p 557398K  |r 2025-04-21  |s 2025-04-21  |t 1  |v 40249.00  |w 2020-03-11  |y BK  |k DER